| 000 | 01089nam a2200241 4500 | ||
|---|---|---|---|
| 001 | 174441 | ||
| 003 | ES-MaACL | ||
| 005 | 20230906215529.0 | ||
| 008 | 100422s1996 sp |||| | spa d | ||
| 100 | 1 |
_aMolina, Paz. _9142548 |
|
| 245 | 1 | 0 |
_aVigor, pasión y sutileza de Marta Brunet / _cPaz Molina . _bDos narradoras chilenas : María Isabel Amor Illanes y Eugenia Prado Bassi / Fernando Sánchez Durán. |
| 246 | 3 |
_aDos narradoras chilenas : _bMaría Isabel Amor Illanes y Eugenia Prado Bassi |
|
| 260 |
_a[Santiago de Chile] : _bAteneo, _c1996. |
||
| 300 |
_a47 p. ; _c18 cm. |
||
| 594 | _aEn port.: Ateneo de Santiago, 7ª Jornada General 1996. | ||
| 600 | 1 | 4 |
_aBrunet, Marta- _xCrítica e interpretación. _932166 |
| 600 | 1 | 4 |
_aAmor Illanes, María Isabel- _xCrítica e interpretación. _9142549 |
| 600 | 1 | 4 |
_aPrado Bassi, Eugenia- _xCrítica e interpretación. _9142550 |
| 610 | 2 | 4 |
_aAteneo de Santiago de Chile- _vCongresos y asambleas. _9142612 |
| 700 | 1 |
_aSánchez Durán, Fernando. _9102620 |
|
| 710 | 2 |
_aAteneo de Santiago de Chile. _92026 |
|
| 852 | 4 |
_aES-MaACL _j2256-F-24 |
|
| 999 |
_c174441 _d174441 |
||